Normal view MARC view
  • Yaman, Şükrü,

Entry Personal Name

Number of records used in: 1

001 - CONTROL NUMBER

  • control field: 151841

003 - CONTROL NUMBER IDENTIFIER

  • control field: TR-AnTOB

005 - DATE AND TIME OF LATEST TRANSACTION

  • control field: 20260115105718.0

008 - FIXED-LENGTH DATA ELEMENTS

  • fixed length control field: 960923n| acannaab| |n aaa c

010 ## - LIBRARY OF CONGRESS CONTROL NUMBER

  • LC control number: nr 96034186

040 ## - CATALOGING SOURCE

  • Original cataloging agency: NjP
  • Language of cataloging: eng
  • Description conventions: rda
  • Transcribing agency: NjP
  • Modifying agency: TR-AnTOB

100 10 - HEADING--PERSONAL NAME

  • Personal name: Yaman, Şükrü,
  • Dates associated with a name: 1946-

670 ## - SOURCE DATA FOUND

  • Source citation: Türk deniz ticareti ve Türkiye denizcilik işletmeleri tarihçesi, 1994:
  • Information found: v. 1, t.p. (Şükrü Yaman, Eğitim Md.) jkt. (b. 1946 in Taşköprü)
Devinim Yazılım Eğitim Danışmanlık tarafından Koha'nın orjinal sürümü uyarlanarak geliştirilip kurulmuştur.